Kleines Literaturquiz - Statistiken

Allgemein
  • Dieses Quiz wurde 64 mal gespielt
  • Das Durchschnittsergebnis liegt bei 6 aus 15
Antwortstatistiken
Hint Antwort % Korrekt
Wen ließ Timur Vermes in seinem Roman "Er ist wieder da" im 21. Jahrhundert auferstehen? Adolf Hitler
75%
In welcher Stadt wurde Johann Wolfgang Goethe geboren? Frankfurt am Main
73%
An was für einem Ort spielt Umberto Ecos Roman "Der Name der Rose"? Kloster
73%
Welches Land brachte mit 16 Auszeichnungen bislang die meisten Literaturnobelpreisträger hervor? Frankreich
61%
Welche Figur ermittelte in solchen Agatha-Christie-Romanen wie "Tod im Pfarrhaus" oder "16 Uhr 50 ab Paddington"? Miss Marple
59%
Welcher Schriftsteller wurde von seinen Kindern "Der Zauberer" genannt? Thomas Mann
55%
Wie hieß die ZDF-Sendung, in der u.A. Marcel Reich-Ranicki versuchte, Literatur einem Fernsehpublikum nahezubringen? Das literarische Quartett
45%
Auf wen oder was warten die beiden Landstreicher Estragon und Wladimir? Godot
45%
Aus welchem Roman stammt die Figur Long John Silver? Die Schatzinsel
41%
Für welches Werk, in dem er antike Mythen nacherzählt, ist der römische Dichter Ovid besonders bekannt? Metamorphosen
37%
"A rose by any other name would smell as sweet" - aus wessen Feder stammt dieser Satz? William Shakespeare
27%
Wie heißt der Protagonist in "Die Blechtrommel" von Günter Grass? Oskar Mazerath
24%
Wie lautet der Nachname von Charlie in Roald Dahls "Charlie und die Schokoladenfabrik"? Bucket
10%
In welchem chinesischen Klassiker ist der Protagonist ein affenartiges, übernatürliches Wesen namens Sun Wukong (u.A. das Vorbild für die Mangafigur Son Goku)? Die Reise nach Westen
6%
Wer oder was ist Rama im Sci-Fi-Roman "Rendezvous mit Rama" von Arthur C. Clarke? ein Raumschiff
6%
Keine übereinstimmenden Quizze gefunden
Verteilung der Resultate
Anzahl Personen mit jedem Resultat
Perzentil nach korrekt beantworteten Fragen
Ihre Resultats-Entwicklung
Sie haben dieses Quiz noch nicht gespielt